OGC Nice Squad 2022-2023 - Statistics

General Stats
  • This quiz has been taken 41 times
  • The average score is 17 of 30
Answer Stats
# Position Nation Player % Correct
1 GK Denmark Kasper Schmeichel
100%
4 DF Brazil Dante
86%
11 MF England Ross Barkley
82%
16 MF Wales Aaron Ramsey
77%
9 FW Nigeria Terem Moffi
73%
24 FW France Gaëtan Laborde
68%
8 MF Dominican Republic Pablo Rosario
68%
7 FW Algeria Andy Delort
64%
28 MF Algeria Hicham Boudaoui
64%
23 DF Switzerland Jordan Lotomba
64%
90 GK Poland Marcin Bułka
64%
99 MF Gabon Mario Lemina
64%
20 DF Algeria Youcef Atal
64%
19 MF France Khéphren Thuram
59%
- Coach Switzerland Lucien Favre
59%
25 DF France Jean-Clair Todibo
55%
29 FW Ivory Coast Nicolas Pépé
55%
- Coach France Didier Digard
50%
10 FW France Sofiane Diop
50%
42 DF Italy Mattia Viti
45%
26 DF France Melvin Bard
45%
35 FW France Badredine Bouanani
41%
14 FW Algeria Billal Brahimi
41%
15 DF England Joe Bryan
41%
77 GK Algeria Teddy Boulhendi
41%
55 DF Burundi Youssouf Ndayishimiye
41%
33 DF France Antoine Mendy
32%
18 FW Romania Rareș Ilie
32%
21 MF France Alexis Beka Beka
27%
5 DF Denmark Mads Bech Sørensen
14%
No matching quizzes found
Score Distribution
Percent of People with Each Score
Percentile by Number Answered
Your Score History
You have not taken this quiz